Quizzes
Events
Quiz Creation
Community
Videos
Private Events
Remove Ads
Sign In
Join for FREE
Feedback
Dark Mode
Quiz Categories
Sports
Geography
Music
Movies
Television
Just For Fun
Miscellaneous
History
Literature
Language
Science
Gaming
Entertainment
Religion
Holiday
For Kids
Quiz Lab
Recent
Popular Today
Quiz Kudos Today
Editor Picks
Curator Picks
Quizzes by...
Day
Popularity
Type
Ratings
Length
Year
Community
Subscriptions
Recent Discussions
Orange Saloon
Badges
Playlists
Quests
Create
Leaderboards
Showdown
Live 5
Trivia Bingo
Activity
Puzzle Library
Sporcle Events
Private Events
Virtual Trivia
Globe League
Become a Host
Pub Owners
SporcleCon
Opinionation
Our Games
Videos
Blog
Mobile Apps
Partnerships
Remove Ads and Go Orange
Feedback
Gaming
Video Games
Board Games
Card Games
Pokémon
Mario
Nintendo
Minecraft
Console
Toys
Legend of Zelda
Gaming
Video Games
Board Games
Card Games
Pokémon
Mario
Nintendo
Minecraft
Console
Toys
Legend of Zelda
Random Quiz
Search Sporcle
×
Quiz Lab
Quiz Lab
Gaming
Accessory
Type in answers that appear in a list
Type in answers that appear in a list
Classic
Best Score? Go Orange.
Path of Exile Accesories Stats
Can you name all the Path of Exile accessory base types?
By
nerdyman787
10m
44 Questions
5 Plays
5 Plays
5 Plays
Comments
Comments
Give Quiz Kudos
Give Quiz Kudos
-
- Ratings
hide this ad
More Info
Replay
Link that replays current quiz
Next Quiz
Link to next quiz in quiz playlist
You Got
0%
They Got
Avg Score
50%
Avg Friend Score
Upgrade to see
Score Distribution
Jump to the score distribution portion of the page
Score
0/44
Timer
10:00
0
Plays Today
Hint
Answer
% Correct
Belts
Leather Belt
100%
Rings
Iron Ring
100%
Amulets
Gold Amulet
80%
Rings
Gold Ring
80%
Rings
Sapphire Ring
80%
Rings
Ruby Ring
80%
Rings
Diamond Ring
80%
Amulets
Amber Amulet
60%
Amulets
Onyx Amulet
60%
Belts
Chain Belt
60%
Belts
Cloth Belt
60%
Belts
Crystal Belt
60%
Belts
Vanguard Belt
60%
Rings
Amethyst Ring
60%
Rings
Topaz Ring
60%
Rings
Two-Stone Ring
60%
Rings
Steel Ring
60%
Rings
Opal Ring
60%
Quivers
Fire Arrow Quiver
60%
Amulets
Coral Amulet
40%
Amulets
Paua Amulet
40%
Amulets
Jade Amulet
40%
Hint
Answer
% Correct
Amulets
Lapis Amulet
40%
Amulets
Turquoise Amulet
40%
Amulets
Blue Pearl Amulet
40%
Belts
Heavy Belt
40%
Belts
Rustic Sash
40%
Belts
Studded Belt
40%
Rings
Breach Ring
40%
Rings
Coral Ring
40%
Rings
Paua Ring
40%
Rings
Prismatic Ring
40%
Rings
Unset Ring
40%
Quivers
Blunt Arrow Quiver
40%
Quivers
Broadhead Arrow Quiver
40%
Quivers
Two-Point Arrow Quiver
40%
Quivers
Sharktooth Arrow Quiver
40%
Quivers
Spike-Point Arrow Quiver
40%
Amulets
Agate Amulet
20%
Amulets
Citrine Amulet
20%
Amulets
Marble Amulet
20%
Rings
Moonstone Ring
20%
Quivers
Serrated Arrow Quiver
20%
Quivers
Penetrating Arrow Quiver
20%
Quiz Playlist
Details
Report
Send in Message
Add To Playlist
More Info:
Special base types included as extra answers only
Classic:
Type in answers that appear in a list
Last Updated: Sep 23, 2017
Quiz Scoreboard
CHALLENGE
Sign Up to Join the Scoreboard
Show All
Scores
Hide
Comments
May contain spoilers
Recently Published
Presidents Visiting Landmarks
by Hejman
History
7m
An Introduction to Baseball
by treessimontrees
Sports
5m
Movies - When Are They Set?
by FPL_Elf
Movies
5m
More to Explore
Quiz From the Vault
Featured Blog Post
Where Did the Easter Bunny Come From?
hide this ad
You Might Also Like...
Tags
Accessory
base
Exile
path
Today's Top Quizzes in Gaming
Browse Gaming
hide this ad
Top Contributed Quizzes in Gaming
1
5-to-1: Consoles
2
7-to-1: Board Game Piece Blitz
3
5-to-1: Legend of Zelda
4
Destiny 2 exotic weapons by perk icons
5
Ultimate Genshin Impact Logic Puzzle (up to 4.3)
6
Franchise by Action Figure
7
Overwatch Logic Puzzle
8
Who's on the WWE 2K24 Cover?
9
Genshin Impact Logic Puzzle Quiz
10
Windmill: Pokémon
Explore More
Trending Topics
Kpop
Harry Potter
Crossword
NBA
Marvel
Disney
Anime
WWE
Song
Puzzle
Soccer
NFL
The Office
Pokémon
Country
hide this ad
More By:
nerdyman787
Quiz
Plays
Rating
Category
Featured
Created
Path of Exile Trivia
812
2.00
Gaming
Apr 16, 2018
Path of Exile Auras and Curses
541
5.00
Gaming
Apr 20, 2017
Path of Exile Skill Gems
499
5.00
Gaming
May 23, 2017
Path of Exile Threesomes
491
5.00
Gaming
May 5, 2019
Path of Exile Currency
491
5.00
Gaming
Nov 13, 2021
Go to Creator's Profile
Score Distribution
Quiz Creator Spotlight
nerdyman787
Follow
Send a Message
Quizzes Created
-
Created Quiz Play Count
-
More By This Creator
Popular Quizzes Today
1
Find the US States - No Outlines Minefield
2
Find the Countries of Europe - No Outlines Minefield
3
The Countries of the World
4
Find the US States
5
Popular People in 1961
6
US States
7
Risky Map Clicking: Biggest States A-Z
8
1-10 Letter E Words III
More Gaming Quizzes
Trifold Trivia ≋ Games I
Editor's Pick
Trending Quizzes
Risky Map Clicking: Least Populous States A-Z
1-10 Letter G Words
1-10 Letter F Words
One Thing in Common: United Kingdom
Risky Map Clicking: Next State Alphabetically
Recently Updated
Leaping Animals
pecheneg
Reality TV Shows (A-Z)
bhenderson79
Rickey Henderson's Hall of Fame Teammates
pecheneg
Champions League XIs: Arsenal
pecheneg
Quick Pick: Celebrities in WWE's Hall of Fame
aduchscher
A-Z Keypad Blitz II
pecheneg
Multiple Oscar Actors
pecheneg
Mystery Phrase Blitz: Oscar 'Best Actors'
pecheneg
F. Scott Fitzgerald Novels
LTH
Pick 3 Villains
ddd62291
Trending Topics
Disney
Harry Potter
Anime
Kpop
Crossword
NBA
Marvel
NFL
Soccer
The Office
Country
Puzzle
Pokémon
Song
WWE
Your Account Isn't Verified!
In order to create a playlist on Sporcle, you need to verify the email address you used during registration. Go to your
Sporcle Settings
to finish the process.
Report this User
Report this user for behavior that violates our
Community Guidelines
.
Details:
Send Report
Go to the Sporcle.com Mobile Site →
Comments